| 000 | 00905nam0a22002891 4500 | ||
|---|---|---|---|
| 001 | rc\2281692 | ||
| 005 | 20250623042036.0 | ||
| 035 | _a(NLR Aleph) 006560931 | ||
| 090 |
_a6842609 _c6842609 |
||
| 100 | _a20110829d1977 |||y0rusy50 ca | ||
| 101 | 0 | _arus | |
| 102 | _aRU | ||
| 105 | _aa z ||||| | ||
| 200 | 1 |
_aВосемь лекций по математическому анализу _fА.Я. Хинчин |
|
| 205 | _a4-е изд., изм. | ||
| 210 |
_aМосква _cНаука _d1977 |
||
| 215 |
_a279 с. _cил. _d20 |
||
| 606 |
_aМатематический анализ _2psbo |
||
| 686 |
_aВ161я73-2 _2rubbk |
||
| 700 | 1 |
_aХинчин _bА.Я. _f1894-1959 _gАлександр Яковлевич |
|
| 801 | 0 |
_aRU _bNLR _gpsbo |
|
| 801 | 1 |
_aRU _bELAR _2rusmarc |
|
| 852 |
_aNLR _j77-3/6593 |
||
| 899 |
_aRuMoRGB _jБ 77-25/265 |
||
| 899 |
_aRuMoRGB _jБ 77-25/266 |
||
| 942 | _cBOOK | ||
| 980 | _aNB | ||